000 00901cam a22002175a 4500
001 L159293
008 160519s2016 xxk f 000 0 eng d
020 _a9781118462928
035 _a(Sirsi) u159293
041 0 _aeng
100 1 _aWiggins, Jane
245 0 0 _aFacilities manager's desk reference
_h[electronic resource]
260 _aLondon
_bJohn Wiley & Sons Inc
_c2016
520 _aProvides the facilities manager with an invaluable source of highly relevant, practical information on the all the principal FM services, as well as information on legal compliance issues, the development of strategic policies and best practice information
590 _aKA
650 2 4 _aFACILITIES MANAGERS
651 4 _aUnited Kingdom
_y
690 _aFacilities management
_96240
856 4 0 _uhttps://www.vlebooks.com/
_zView on VLEbooks. Logins for members only from [email protected]
942 _n0
999 _c115785
_d115785